Exploring probability in school : challenges for teaching and learning

Αποθηκεύτηκε σε:
Λεπτομέρειες βιβλιογραφικής εγγραφής
Άλλοι συγγραφείς: Jones, Graham A. (Επιμελητής έκδοσης)
Μορφή: Βιβλίο
Γλώσσα:English
Δημοσίευση: New York : Springer, c2010.
Σειρά:Mathematics education library ; 40
Θέματα:
Ετικέτες: Προσθήκη ετικέτας
Δεν υπάρχουν, Καταχωρήστε ετικέτα πρώτοι!

MARC

LEADER 00000cam a2200000 i 4500
001 1/38881
008 131129s2010####nyu| ||| |||| ||eng||
020 |a 9781441937506 
035 |l 10116102 
040 |a GR-MyUA  |b gre  |e AACR2 
041 0 |a eng 
082 0 |a 519.2071   |2 (22) 
245 1 0 |a Exploring probability in school :   |b challenges for teaching and learning /   |c Graham A. Jones (editor).  
260 |a New York :   |b Springer,   |c c2010.  
300 |a xvi, 388 σ. :   |b εικ. ;   |c 25 εκ.  
490 1 |a (Mathematics education library   |v ; 40)  
504 |a Περιέχει βιβλιογραφικές αναφορές και ευρετήρια.  
650 0 0 |a Probabilities  |x Study and teaching. 
700 1 |a Jones, Graham A.  |e edt 
830 0 |a Mathematics education library ;  |v  40 
852 |a INST  |b SAMOS  |e 20131129  |h 519.2071 EXP  |p 005300036061  |q 005300036061  |t BK  |y 0 
901 |a BIBL3-2013-3 
909 |a Σ  |b 179463 
922 |a 3ΕΛΗ  |b 201306  |c ΤΜΗΜΑ ΜΑΘΗΜΑΤΙΚΩΝ  |d ΔΙΑΔΡΟΜΕΣ/ΔΡΕΣ 
970 |a ΚΟΣΙΕΡΗΣ  |b ΧΡΗΣΤΟΣ  |z 29-11-2013